000 00478nam a22001937a 4500
003 LK-CoMWRAF
005 20231014223128.0
008 231014b |||||||| |||| 00| 0 eng d
020 _a9552071038
040 _aLK-CoMWRAF
_dLK-CoMWRAF
_eLK-CoMWRAF
041 _aeng
082 _a821
_bKUL
100 _aKulatunga, Sita
245 _aA Gode person and other poems
260 _aColombo :
_bGodage,
_c2003
300 _a68p. ; 21cm
650 _aEnglish poetry
942 _cBK
999 _c3868
_d3868